000
00211 a2200097 4500
001
11657
100
_a
Jane's
245
_a
Jane's all the world aircraft 1995-1996
260
_a
_b
Janes
_c
090
_c
8967
_d
8967
942
_a
NUST-CAE
_c
M
_c
35785
999
_c
246730
_d
246730